La Innovació en el marc de la garantia social : relats d'experències innovadores en programes de garantia social relats d'experències innovadores en programes de garantia social
Descripción Física:
33, 19,23, [28], 20,17, 25, 23, 39, 28, [35], 10 p. ; 30 cm
MARC
| LEADER | 00000nam a2200000Ia 4500 | ||
|---|---|---|---|
| 001 | 24239 | ||
| 008 | 160829s1999 xx 000 0 cat d | ||
| 080 | |a Bib-199 | ||
| 245 | |a La Innovació en el marc de la garantia social : |b relats d'experències innovadores en programes de garantia social | ||
| 260 | |a Barcelona : |b Diputació de Barcelona, Àrea d'Educació, |c 1999 | ||
| 300 | |a 33, 19,23, [28], 20,17, 25, 23, 39, 28, [35], 10 p. ; |c 30 cm | ||
| 590 | |a Text en català i en castellà | ||
| 650 | |a Integració social |x Barcelona (província) |9 49687 | ||
| 650 | 0 | |a Administració local |z Barcelona |9 40043 | |
| 651 | 0 | |a Barcelona (Catalunya : Província) |x Política social |9 53862 | |
| 710 | |a Barcelona (Catalunya : Província). |b Àrea d'Educació |9 8009 | ||
| 901 | |a Arxiu | ||
| 942 | |n 1 | ||
| 952 | |0 0 |1 0 |4 0 |6 BIB199 |7 1 |9 55720 |a Arxiu |b Arxiu |d 2016-12-01 |l 0 |o Bib-199 |p 24239 |r 2016-12-01 00:00:00 |w 2016-12-01 |y ARXIU | ||
| 999 | |c 59593 |d 59593 | ||